Países da Ásia sem mapa - Statistics

Estatísticas Gerais
  • Esse quiz foi jogado 130 vezes
  • A pontuação média é 41 de 48
Estatísticas das Respostas
País % Correto
Coréia do Norte
98%
Coreia do Sul
98%
Afeganistão
96%
China
96%
Indonésia
95%
Irã
93%
Japão
93%
Arábia Saudita
92%
Azerbaijão
92%
Índia
92%
Iraque
91%
Malásia
91%
Emirados Árabes Unidos
89%
Catar
88%
Iémen
88%
Israel
88%
Omã
88%
Síria
88%
Vietnã
88%
Armênia
87%
Filipinas
87%
Jordânia
87%
Tailândia
87%
Butão
86%
Paquistão
86%
Quirguistão
86%
Turquemenistão
86%
Bangladesh
85%
Kuwait
84%
Laos
84%
Nepal
84%
Bahrein
83%
Camboja
83%
Mongólia
83%
Singapura
82%
Sri Lanka
82%
Uzbequistão
82%
Cazaquistão
81%
Taiwan
81%
Turquia
81%
Brunei
80%
Geórgia
80%
Mianmar
79%
Líbano
78%
Maldivas
76%
Timor Leste
71%
Chipre
65%
Tadjiquistão
41%
Nenhum quiz correspondente encontrado
Distribuição das Pontuações
Porcentagem de Pessoas com Cada Pontuação
Percentil de Números Respondidos
Sua Pontuação Histórica
Você não jogou esse quiz